| 000 | 00345nam a22001457a 4500 | ||
|---|---|---|---|
| 008 | 230322b ||||| |||| 00| 0 eng d | ||
| 020 | _a9780393935509 | ||
| 041 | _aeng | ||
| 080 |
_2EIGHTH EDITION _a34 |
||
| 082 | _a34O'BR | ||
| 100 | _a31 | ||
| 101 | _aJUREDIK | ||
| 245 |
_aCONSTITUTIONAL LAW AND POLITICS _cO'BRIEN .M.D |
||
| 942 |
_2udc _cBK |
||
| 999 |
_c59420 _d59420 |
||